Steinhöfel (Titelsatznr. 371855)
[ MARC ]
| 000 -Satzkennung | |
|---|---|
| Kontrollfeld mit fester Länge | 01532nam a2200421 c 4500 |
| 001 - Kontrollnummer | |
| Kontrollfeld | 1108786707 |
| 003 - Kontrollnummer Identifier | |
| Kontrollfeld | DE-101 |
| 005 - Datum und Zeit der letzten Transaktion | |
| Kontrollfeld | 20220908143337.0 |
| 007 - Feld mit fester Länge zur physischen Beschreibung - Allgemeine Information | |
| Kontrollfeld mit fester Länge | tu |
| 008 - Feld mit fester Länge zur physischen Beschreibung - Allgemeine Angaben | |
| Kontrollfeld mit fester Länge | 160728s2010 gw ||||| |||| 00||||ger |
| 016 7# - Kontrollnummer der nationalbibliografischen Agentur | |
| Quelle | DE-101 |
| Datensatzkontrollnummer | 1108786707 |
| 020 ## - Internationale Standardbuchnummer | |
| Internationale Standardbuchnummer | 9783941675193 |
| Bezugsbedingungen | Broschur |
| 035 ## - Systemkontrollnummer | |
| System-Kontrollnummer | (DE-599)DNB1108786707 |
| 035 ## - Systemkontrollnummer | |
| System-Kontrollnummer | (OCoLC)1186296307 |
| 040 ## - Katalogisierungsquelle | |
| Original-Katalogisierungsstelle | 1130 |
| Katalogisierungssprache | ger |
| Übertragungsstelle | DE-101 |
| Bearbeitungsstelle | DE-2950 |
| Beschreibungsfestlegungen | rda |
| 041 ## - Sprachcode | |
| Sprachcode des Textes/der Tonspur oder des separaten Titels | ger |
| 044 ## - Ländercode der veröffentlichenden/herstellenden Stelle | |
| ISO-Ländercode | XA-DE-BE |
| 082 74 - Notation nach der Dewey Decimal Classification | |
| Feldverknüpfung und Reihenfolge | 1\p |
| Notation | 720 |
| Zuweisende Stelle | DE-101 |
| Ausgabenummer | 23sdnb |
| 090 ## - LOCALLY ASSIGNED LC-TYPE CALL NUMBER (OCLC); LOCAL CALL NUMBER (RLIN) | |
| Notation (OCLC) (R) ; Notation, CALL (RLIN) (NR) | b |
| 100 1# - Haupteintragung - Personenname | |
| Personenname | Hoffmeister, Titia |
| Funktionsbezeichnung | Verfasser |
| Code für Beziehungskennzeichnung | aut |
| 245 10 - Titel | |
| Titel | Steinhöfel |
| Verfasserangabe etc. | Titia Hoffmeister, Uta Renate Rückert ; herausgegeben von Sibylle Badstübner-Gröger |
| 246 1# - Titelvarianten | |
| Anzeigetext | Abweichender Titel |
| Hauptsachtitel/Kurztitel | Schloss Steinhöfel |
| 250 ## - Ausgabebezeichnung | |
| Ausgabebezeichnung | 4. veränderte Auflage |
| 264 #1 - Produktion, Veröffentlichung, Distribution, Herstellung und Urheberrechtsvermerk | |
| Herstellungs-, Veröffentlichungs- Vertriebs-, Erzeugungsort | Berlin |
| Produzent, Herausgeber, Distributor, Hersteller | Freundeskreis Schlösser und Gärten der Mark in der Deutschen Gesellschaft e.V. |
| Datum der Herstellung, der Veröffentlichung, des Vertriebs oder des Urheberschutzvermerks | [2010] |
| 300 ## - Physische Beschreibung | |
| Umfang | 26 Seiten |
| Andere physische Details | Illustrationen |
| Maße | 22 x 25 cm |
| 336 ## - Inhaltstyp | |
| Inhaltstypterm | Text |
| Inhaltstypcode | txt |
| Quelle | rdacontent |
| 336 ## - Inhaltstyp | |
| Inhaltstypterm | unbewegtes Bild |
| Inhaltstypcode | sti |
| Quelle | rdacontent |
| 337 ## - Medientyp | |
| Bezeichnung des Medientyps | ohne Hilfsmittel zu benutzen |
| Medientypcode | n |
| Quelle | rdamedia |
| 338 ## - Datenträgertyp | |
| Datenträgertypbezeichnung | Band |
| Datenträgertypcode | nc |
| Quelle | rdacarrier |
| 490 1# - Gesamttitelangabe | |
| Gesamttitelangabe | Schlösser und Gärten der Mark |
| Bandnummer/Folgebezeichnung | Heft 63 |
| 653 ## - Indexierungsterm - Nicht normiert | |
| Nicht-normierter Term | Steinhöfel <Landkreis Oder-Spree> |
| 653 ## - Indexierungsterm - Nicht normiert | |
| Nicht-normierter Term | Schloss |
| 700 1# - Nebeneintragung - Personenname | |
| Personenname | Rückert, Uta-Renate |
| Funktionsbezeichnung | Verfasser |
| Code für Beziehungskennzeichnung | aut |
| 830 #0 - Nebeneintragung unter dem Gesamttitel - Einheitstitel | |
| Einheitstitel | Schlösser und Gärten der Mark |
| Bandnummer/Folgebezeichnung | Heft 63 |
| Datensatzkontrollnummer | (DE-101)1009227068 |
| -- | (DE-600)2586910-3 |
| Koha-Normdatenidentnummer | 263 |
| Kontrollunterfeld | as |
| 883 2# - Maschinell generierte Metadatenprovenienz | |
| Feldverknüpfung und Reihenfolge | 1\p |
| Generierungsprozess | dnb |
| Erstellungsdatum der Kopie | 20191127 |
| Einrichtung, welche die Kopien erstellt hat | DE-101 |
| URL | https://d-nb.info/provenance/plan#dnb |
| 942 ## - Zusätzliche Felder (Koha) | |
| Klassifikation oder Aufstellungssystematik | Andere/Generische Klassifikation |
| Koha-Medientyp | Bücher |
| Ausgeschieden | Verloren | Klassifikation oder Aufstellungssystematik | Beschädigt | Nicht entleihbar | Heimatbibliothek | Aufenthaltsbibliothek | Aufstellungsort | Erwerbungsdatum | Lieferant | Kodierter Standort-Qualifier | Anzahl Ausleihen | Signatur | Letzte Aktivität | Exemplarnummer | Preis gültig von | Koha-Medientyp |
|---|---|---|---|---|---|---|---|---|---|---|---|---|---|---|---|---|
| Andere/Generische Klassifikation | Stadtarchiv Frankfurt (Oder) | Archivbibliothek | Stadtarchiv Frankfurt (Oder) | Archivbibliothek | Magazin | 08/09/2022 | Geschenk | M | II: 5027 | 08/09/2022 | 92/2021 | 08/09/2022 | Bücher |